| 000 | 00706nam a22002297a 4500 | ||
|---|---|---|---|
| 005 | 20230123105630.0 | ||
| 008 | 220518b ||||| |||| 00| 0 eng d | ||
| 020 | _a9788194821045 | ||
| 040 |
_aIN-DiNC _cIN-DiNC |
||
| 041 | _dasm | ||
| 082 |
_a324 _bTUL |
||
| 245 |
_aTulonamulok prekshyapotot rajnoitik prokriya aru protisthan/ _cby Nabin Gohain and others |
||
| 250 | _a2nd ed. | ||
| 260 |
_aJorhat: _bBidya bhawan, _c2022. |
||
| 300 | _a319p. | ||
| 650 | _aPolitical processes and institutions in comparative perspective | ||
| 700 |
_aGohain, Nabin _eauthor |
||
| 700 |
_aBorah, Pankaj _eauthor |
||
| 700 |
_aGogoi, Tralukya _eauthor |
||
| 700 |
_aSaikia, Pranjeet _eauthor |
||
| 942 |
_2ddc _cBK |
||
| 999 |
_c11291 _d11291 |
||